000 00443nam a2200169Ia 4500
003 GCL
008 140319s9999 xx 000 0 ara d
040 _aGCL /
_cGCL
082 0 4 _a813.01
_bس ع
100 1 _aسلوى بكر
245 1 0 _aعجين الفلاحة :قصص /
_cسلوى بكر
300 _a138 ص
490 _a
650 0 4 _aالادب العربى
650 0 4 _aالقصص العربية القصيرة
942 _2ddc
_cBK
999 _c44441
_d44441